| 000 | 00358nam a2200157Ia 4500 | ||
|---|---|---|---|
| 008 | 230718s9999 xx 000 0 und d | ||
| 041 | _aeng | ||
| 082 |
_a512.9 _bPET |
||
| 100 |
_aPeterson G.L. _9129128 |
||
| 245 | _aCollege Algebra | ||
| 260 |
_c1985 _bWadsworth |
||
| 300 | _a446 | ||
| 365 | _cRs. | ||
| 700 |
_aPeterson G L _9129128 |
||
| 906 | _cMATHS | ||
| 999 |
_c303598 _d303598 |
||